00720nam a22002057a 450000500170000001000140001702000220003103500130005303700130006608200110007910000290009024500790011926000340019827000470023230000240027970000350030394200250033899900170036395201340038020100811124041.0 aENG-99576 a8122504558c85.00 aEN-83108 bDBAD/PUB a302.35 aUpadhyay, Padma V910818 aOrganizational behaviour /cby Padma V Upadhya [and] P Subhas Chandra Bose aNew DelhibKitab Mahal c2007 a28 Netaji Subhash Marg bNew Delhie110002 axii,212pc24cm(pbk) aBose, P Subhas Chandra 910819 2ddccENh302.35mUPA c40939d40939 001040718NFICaDBADbDBADd2010-08-11eDBAD/PUBg85.00l0o302.35 UPApEN-83108r2010-08-11 00:00:00t1v85.00w2010-08-11yEN